Quiz- Founding of Nations - Statistics

General Stats
  • This quiz has been taken 11 times
  • The average score is 12 of 18
Answer Stats
Hint Answer % Correct
Italy 1861
90%
Spain 1492
80%
United States of America 1776
80%
Turkey 1923
80%
Algeria 1962
80%
South Sudan 2011
80%
Sweden 1523
70%
China 1949
70%
Timor-Leste 2002
70%
United Kingdom 1707
60%
Mexico 1824
60%
Iran 1979
60%
Russian Federation 1991
60%
Haiti 1804
50%
Germany 1871
50%
Eritrea 1993
50%
Yemen 1990
40%
Australia 1788
30%
No matching quizzes found
Score Distribution
Percent of People with Each Score
Percentile by Number Answered
Your Score History
You have not taken this quiz